Evaluation of fertility in the bull and boar /

Bibliographic Details
Main Author: Herrick, John B.
Other Authors: Self, H. L.
Format: Book
Language:English
Published: Ames, Ia., U.S.A. : Iowa State University Press, [1962]
Subjects:

MARC

Tag First Indicator Second Indicator Subfields
LEADER 00000cam a2200000 a 4500
001 in00004472113
005 20220602155154.4
008 750709s1962 iauak b 001 0 eng d
010 |a  62016490  
019 |a 14546985 
035 |a (OCoLC)01436696 
035 |9 AAD8772MS 
035 |z (UtOrBLW)11826 
035 |a 21712 
040 |a MCL  |c MCL  |d OCL  |d m/c  |d OCL  |d NLM  |d TMV  |d UtOrBLW 
049 |a TMVM  |c 1 [411241] 
060 0 0 |a SF 105  |b H566e 1962 
100 1 |a Herrick, John B. 
245 1 0 |a Evaluation of fertility in the bull and boar /  |c John B. Herrick, H.L. Self. 
264 1 |a Ames, Ia., U.S.A. :  |b Iowa State University Press,  |c [1962] 
264 4 |c ©1962 
300 |a viii, 148 pages :  |b illustrations, forms. ;  |c 23 cm. 
336 |a text  |2 rdacontent  |b txt 
337 |a unmediated  |2 rdamedia 
338 |a volume  |2 rdacarrier  |b nc 
500 |a Includes index. 
504 |a Bibliography: pages 89-96. 
650 2 |a Fertility. 
650 2 |a Cattle. 
650 2 |a Swine. 
650 2 |a Semen. 
700 1 |a Self, H. L. 
999 |a MARS 
999 f f |s fef80663-4d1b-3e96-93c1-351cf7172dad  |i 8c3fe06d-27eb-324b-8292-426612359c16  |t 0 
952 f f |p preservation  |a Texas A&M University  |b J.J. Pickle Campus  |c High Density Repository  |d Remote Storage  |t 0  |e SF 105 H566e 1962  |h National Library of Medicine classification  |i unmediated -- volume  |m 3238900897208 
998 f f |a SF 105 H566e 1962  |t 0  |l Remote Storage